Представление документа в формате MARC21

ПолеНазваниеЗначение
  Тип записи a
  Библиографический уровень m
001 Контрольный номер RU\infra-m\znanium\bibl\2235119
005 Дата корректировки 20260429142133.0
008 Кодируемые данные 260120s2025 RU g rus u
020 Индекс ISBN __
a ISBN 978-5-9614-2360-0
040 Источник каталогиз. __
a Служба первич. каталог. Общество с ограниченной ответственностью «ЗНАНИУМ»
041 Код языка издания __
a Код языка текста rus
044 Код страны публикации __
a Код страны публикации RU
080 Индекс УДК __
a Индекс УДК 15
084 Индекс другой классификации/Индекс ББК __
2 Источник индекса rubbk
a Индекс другой классификации/Индекс ББК 87
084 Индекс другой классификации/Индекс ББК __
2 Источник индекса okso
a Индекс другой классификации/Индекс ББК 37.03.01
100 Автор __
a Автор Эссен Т.в.
q Полное имя Эссен Таня ван
245 Заглавие __
a Заглавие Прокрастинация: Первая помощь
b Продолж. заглавия Практическое пособие
250 Сведения об издании __
a Основные сведения об издании 1
260 Выходные данные __
a Место издания Москва
b Издательство ООО "Альпина Паблишер"
c Дата издания 2026
300 Физическое описание __
a Объем 112 с.
520 Аннотация __
a Аннотация Такое случается почти со всеми: мы откладываем выполнение неприятных дел и в итоге живем от дедлайна к дедлайну. Почему так сложно противостоять прокрастинации и вовремя включаться в работу? Эта книга написанная двумя современными нидерландскими психологами отвечает на многие вопросы: отчего нам так хочется прокрастинировать и почему это свой ственно всем людям; почему прокрастинация — это не лень; каковы симптомы прокрастинации как выявить их у себя… Но главное — как с этим бороться. С помощью простых коротких тестов и упражнений вы научитесь лучше распределять свое время создавать позитивный рабочий настрой и сохранять мотивацию для выполнения трудных проектов и неприятных дел которые так и тянет отложить в долгий ящик.
521 Примеч. о цел. назн. __
a Примеч. о целев. назн. Дополнительное образование
650 Тематические рубрики __
a Основная рубрика Психология
x Основная подрубрика Популярная литература по психологии
655 Указ. предметных рубрик (устаревшее) __
a Жанр/ форма (устаревшее) Практическое пособие
700 Другие авторы __
a Другие авторы Шувенбург Х.
q Полное имя Шувенбург Хенри
856 Электронный адрес документа 4_
a Имя сервера/домена znanium.ru
m Помощь ebs_support@infra-m.ru
n Местонахождение сервера НИЦ ИНФРА-М
u URL https://znanium.ru/catalog/document?id=473492
856 Электронный адрес документа 48
a Имя сервера/домена znanium.ru
d Путь /cover/2235
f Электронное имя 2235119.jpg
q Тип электронного формата image/jpeg
u URL https://znanium.ru/cover/2235/2235119.jpg
911 __
u 0030=https://znanium.ru/catalog/document?id=473492